Po úspešnom vlaňajšku predpokladajú v Železiarňach Podbrezová pokles predaja
Hospodárenie Železiarní, a.s. Podbrezová (ŽP) v r. 1998, hospodárenie so ziskom. Podnikateľský zámer ŽP. Podiel exportu, najvýznamnejšie vývozné teritóriá. Stagnácia na domácom trhu. Počet zamestnancov železiarní, priemerný mesačný zárobok. Perspektíva ŽP na r. 1999.
Salvato in:
| Autore principale: | |
|---|---|
| Natura: | Capitolo di libro |
| Lingua: | slovacco |
| Soggetti: | |
| Tags: |
Nessun Tag, puoi essere il primo ad aggiungerne!!
|
MARC
| LEADER | 00000naa a2200000 4500 | ||
|---|---|---|---|
| 001 | r035202 | ||
| 005 | 20230921103853.6 | ||
| 041 | 0 | |a slo | |
| 044 | |a SK | ||
| 245 | 1 | 0 | |a Po úspešnom vlaňajšku predpokladajú v Železiarňach Podbrezová pokles predaja |c Juraj Hrúz |
| 520 | |a Hospodárenie Železiarní, a.s. Podbrezová (ŽP) v r. 1998, hospodárenie so ziskom. Podnikateľský zámer ŽP. Podiel exportu, najvýznamnejšie vývozné teritóriá. Stagnácia na domácom trhu. Počet zamestnancov železiarní, priemerný mesačný zárobok. Perspektíva ŽP na r. 1999. | ||
| 610 | 2 | 0 | |a hospodárenie podnikové |
| 610 | 2 | 0 | |a zisk |
| 610 | 2 | 0 | |a dividendy |
| 610 | 2 | 0 | |a vývoz |
| 610 | 2 | 0 | |a trh vnútorný |
| 610 | 2 | 0 | |a trh zahraničný |
| 610 | 2 | 0 | |a ukazovatele ekonomické |
| 610 | 2 | 0 | |a Železiarne, a.s. Podbrezová |
| 610 | 2 | 0 | |a 1998 |
| 100 | 1 | |a Hrúz, Juraj | |